LEADER 01399nas 2200493- 450 001 996211114903316 005 20210125032516.1 035 $a(OCoLC)853473496 035 $a(CKB)3520000000000036 035 $a(CONSER)--2014243549 035 $a(DE-599)ZDB2815488-5 035 $a(EXLCZ)993520000000000036 100 $a20130722a20119999 --- a 101 0 $aeng 135 $aur||||||||||| 181 $ctxt$2rdacontent 182 $cc$2rdamedia 183 $acr$2rdacarrier 200 00$aAutopsy & case reports 210 1$aSão Paulo :$cHospital Universitário, Universidade de São Paulo,$d[2011]- 215 $a1 online resource 300 $aRefereed/Peer-reviewed 311 $a2236-1960 517 1 $aAutopsy and case reports 531 $aAUTOPS CASE REP 606 $aAutopsy$vPeriodicals 606 $aAutopsy$vCase studies 606 $aAutopsy$2fast$3(OCoLC)fst00824193 606 $aAutopsy 608 $aFulltext. 608 $aInternet Resources. 608 $aPeriodicals. 608 $aCase studies$2fast 608 $aPeriodicals.$2fast 608 $aPeriodical. 615 0$aAutopsy 615 0$aAutopsy 615 7$aAutopsy. 615 12$aAutopsy. 712 02$aUniversidade de São Paulo.$bHospital Universitário, 906 $aJOURNAL 912 $a996211114903316 996 $aAutopsy & case reports$91943938 997 $aUNISA LEADER 03093nam 2200661 450 001 9910279740903321 005 20220721170014.0 010 $a2-7606-2955-4 010 $a979-1-03-650379-5 024 7 $a10.4000/books.pum.21109 035 $a(CKB)2470000000002201 035 $a(EBL)3249007 035 $a(SSID)ssj0000734755 035 $a(PQKBManifestationID)11466308 035 $a(PQKBTitleCode)TC0000734755 035 $a(PQKBWorkID)10742667 035 $a(PQKB)10126022 035 $a(CaPaEBR)406459 035 $a(CaBNvSL)slc00207738 035 $a(MiAaPQ)EBC3249007 035 $a(MiAaPQ)EBC4750302 035 $a(FrMaCLE)OB-pum-21109 035 $a(oapen)https://directory.doabooks.org/handle/20.500.12854/45103 035 $a(schport)gibson_crkn/2009-12-01/3/406459 035 $a(PPN)230001408 035 $a(EXLCZ)992470000000002201 100 $a20170130h20032003 uy 0 101 0 $afre 135 $aur|n|---||||| 181 $ctxt 182 $cc 183 $acr 200 03$aLa diffe?renciation sociale $emode?les et processus /$fSous la direction de Danielle Juteau 210 $cPresses de l?Université de Montréal$d2003 210 1$aMontre?al, [Quebec?bec, Canada] :$cLes Presses de l'Universite? de Montre?al,$d2003. 210 4$d©2003 215 $a1 online resource (299 p.) 225 1 $aTendances 300 $aTraduction de: Social differentiation. 311 $a2-7606-1881-1 320 $aIncludes bibliographical references. 330 $aCet ouvrage étudie la différenciation sociale considérée comme un processus économique, politique, culturel et normatif qui fonde les catégories sociales liées au sexe, à l?ethnicité, à la « race », à l?âge et à la région. Le premier chapitre, signé par Danielle Juteau, constitue une introduction à la différenciation sociale. Les autres chapitres examinent successivement : la différence sexuelle et le monde du travail : emplois standard/non standard ; la différenciation en fonction de l?âge dans la population active ; les minorités visibles et la diversité « raciale » ; les Autochtones et les politiques sociales ; la différenciation sociale selon les régions, urbaines ou rurales ; la politique sociale et les droits de la citoyenneté. Ce livre, signé par des spécialistes de la question, invite les lecteurs à une prise de conscience des facteurs de différenciation sociale et de leurs effets dans la vie quotidienne des individus et sur l?avenir des collectivités. 410 0$aTendances (Presses de l'Universite? de Montre?al) 607 $aCanada$xSocial conditions$y1991- 610 $aCanada 610 $adifférenciation sociale 610 $astructure sociale 610 $ainégalité sociale 676 $a305 700 $aDanielle Juteau$4auth$01350022 702 $aJuteau Lee$b Danielle 801 0$bMiAaPQ 801 1$bMiAaPQ 801 2$bMiAaPQ 906 $aBOOK 912 $a9910279740903321 996 $aLa diffe?renciation sociale$93087826 997 $aUNINA